[Event "18sen.Bay.EM2006 Schney op"]
[Site "Schloss Schney (25.6.-3.7)"]
[Date "2006.06.25"]
[Round "1.12"]
[White "Alefs, Heinz"]
[Black "Muench, Klaus-Norbert Dr"]
[Result "0-1"]
[WhiteElo "1643"]
[BlackElo "2023"]
[PlyCount "76"]
[EventDate "2006.07.??"]
[Source "Ganslmayer"]
[SourceDate "2012.12.20"]

1. d4 Nf6 2. Nf3 g6 3. e3 Bg7 4. Bd3 O-O 5. Nbd2 d6 6. b3 Nc6 7. a3 e5 8. dxe5
dxe5 9. Bb2 Qe7 10. e4 Nh5 11. g3 Bh3 12. Rg1 Rad8 13. Qe2 Bg4 14. Qe3 h6 15.
Nh4 Rd7 16. f3 Be6 17. Rd1 Rfd8 18. Ng2 Nf4 19. gxf4 exf4 20. Qxf4 Bxb2 21.
Qxh6 Bg7 22. Qh4 Bf6 23. Qf2 Ne5 24. Nf4 Bh4 25. Rg3 Qf6 26. Nh5 Qh8 27. Nf4
Qh6 28. Nxe6 fxe6 29. Nc4 Bxg3 30. Qxg3 Nxd3+ 31. cxd3 Rxd3 32. Rxd3 Rxd3 33.
Ke2 Rd7 34. Qe5 Kf7 35. Qc3 Qxh2+ 36. Ke3 Qg1+ 37. Kf4 g5+ 38. Ke5 Qc5# 0-1

[Event "18sen.Bay.EM2006 Schney op"]
[Site "Schloss Schney (25.6.-3.7)"]
[Date "2006.06.25"]
[Round "1.13"]
[White "Kahn, Manfred++"]
[Black "Bauer, Hermann(31)"]
[Result "1-0"]
[WhiteElo "2252"]
[BlackElo "1620"]
[PlyCount "38"]
[EventDate "2006.07.??"]
[Source "Ganslmayer"]
[SourceDate "2012.12.20"]

1. d4 d6 2. Nf3 Nf6 3. Bg5 Nbd7 4. Nc3 g6 5. e4 Bg7 6. Be2 c6 7. Qd2 b5 8. a3
Bb7 9. O-O a5 10. e5 dxe5 11. dxe5 Nd5 12. Nxd5 cxd5 13. Bxb5 O-O 14. Bf4 e6
15. Rfe1 Nc5 16. Qe3 Qc7 17. Nd4 Ne4 18. Bd3 Nc5 19. Nb5 Nxd3 1-0

[Event "18sen.Bay.EM2006 Schney op"]
[Site "Schloss Schney (25.6.-3.7)"]
[Date "2006.06.25"]
[Round "1.28"]
[White "Salomon, Heide++"]
[Black "Ziegler, Werner(31)"]
[Result "0-1"]
[WhiteElo "1522"]
[BlackElo "1828"]
[PlyCount "111"]
[EventDate "2006.07.??"]
[Source "Ganslmayer"]
[SourceDate "2012.12.20"]

1. e4 c5 2. d4 cxd4 3. Bc4 e6 4. Nf3 Nf6 5. O-O Nxe4 6. Qxd4 Nf6 7. Nc3 Nc6 8.
Qd3 a6 9. a4 d5 10. Ba2 Nb4 11. Qe2 Nxa2 12. Rxa2 Be7 13. Be3 O-O 14. Bd4 Bd7
15. Ne5 Rc8 16. Rd1 Bc5 17. h4 Bxd4 18. Rxd4 Be8 19. g4 Nd7 20. g5 Qb6 21. Rg4
Rxc3 22. h5 Nxe5 23. Qxe5 Rc4 24. Rxc4 dxc4 25. h6 f6 26. gxf6 gxf6 27. Qg3+
Bg6 28. a5 Qd8 29. Ra1 Kh8 30. Qc3 Qc7 31. Re1 e5 32. Re3 Rg8 33. Kf1 Qf7 34.
Rxe5 Qf8 35. Re6 Qxh6 36. Qxf6+ Qg7 37. Qh4 Bxc2 38. Qh2 Qxb2 39. Qe5+ Qxe5 40.
Rxe5 Rc8 41. Re7 Bg6 42. Ke2 Re8 43. Rxe8+ Bxe8 44. Kd2 h5 45. Kc3 Bb5 46. f4
h4 47. f5 Kg7 48. Kd4 h3 49. Ke5 c3 50. Ke6 Kf8 51. f6 h2 52. f7 h1=Q 53. Kf6
Qe4 54. Kg5 Kxf7 55. Kh5 Qg2 56. Kh4 0-1

[Event "18sen.Bay.EM2006 Schney op"]
[Site "Schloss Schney (25.6.-3.7)"]
[Date "2006.06.25"]
[Round "1.42"]
[White "Antusch, Ingrid++"]
[Black "Wolf, Reinhard(37)"]
[Result "1/2-1/2"]
[WhiteElo "1446"]
[BlackElo "1698"]
[PlyCount "65"]
[EventDate "2006.07.??"]
[Source "Ganslmayer"]
[SourceDate "2012.12.20"]

1. f4 d5 2. e3 c5 3. Nf3 Nf6 4. c3 Nc6 5. d4 e6 6. Bd3 c4 7. Bc2 Be7 8. O-O Ne4
9. Nbd2 f5 10. Bxe4 fxe4 11. Ne5 O-O 12. b3 Nxe5 13. fxe5 b5 14. Rf4 Bd7 15.
Nf1 Bg5 16. Rxf8+ Qxf8 17. Qg4 Qf5 18. Qxf5 exf5 19. g3 a5 20. Bd2 cxb3 21.
axb3 a4 22. Kf2 Kf7 23. Bc1 Be7 24. b4 g5 25. h3 Rc8 26. Bd2 h5 27. Nh2 Rg8 28.
Kg2 Ke6 29. g4 fxg4 30. hxg4 h4 31. Rf1 Rc8 32. Kh3 Ra8 33. Ra1 1/2-1/2

[Event "18sen.Bay.EM2006 Schney op"]
[Site "Schloss Schney (25.6.-3.7)"]
[Date "2006.06.25"]
[Round "1.40"]
[White "Mueller, Lothar(27)"]
[Black "Weczerek, Franz"]
[Result "1/2-1/2"]
[WhiteElo "1412"]
[BlackElo "1706"]
[PlyCount "80"]
[EventDate "2006.07.??"]
[Source "Ganslmayer"]
[SourceDate "2012.12.20"]

1. e4 e5 2. Nc3 Bc5 3. Nf3 d6 4. Be2 Nf6 5. O-O Bd7 6. d3 Bc6 7. h3 Nbd7 8. Nh2
Qe7 9. Bd2 h6 10. Qc1 d5 11. Ng4 dxe4 12. dxe4 Nxe4 13. Nxe4 Bxe4 14. Be3 f5
15. Bxc5 Qxc5 16. Ne3 O-O-O 17. c3 Nf6 18. Bc4 Rd6 19. Bb3 Rhd8 20. Rd1 f4 21.
Rxd6 Rxd6 22. Nc4 Ra6 23. Nd2 Bf5 24. Nf3 Ne4 25. Qf1 Rg6 26. Nh4 Nd2 27. Qe2
Nxb3 28. axb3 Rf6 29. Nxf5 Rxf5 30. Qg4 Qf8 31. Re1 Kb8 32. b4 Rg5 33. Qe6 f3
34. g3 Rxg3+ 35. fxg3 f2+ 36. Kf1 fxe1=Q+ 37. Kxe1 Qc8 38. Qxe5 Qxh3 39. Qxg7
Qe6+ 40. Kd2 b6 1/2-1/2

[Event "18sen.Bay.EM2006 Schney op"]
[Site "Schloss Schney (25.6.-3.7)"]
[Date "2006.06.25"]
[Round "1.1"]
[White "Oechslein, Rainer"]
[Black "Geisensetter, Kurt"]
[Result "1-0"]
[WhiteElo "2176"]
[BlackElo "1644"]
[PlyCount "57"]
[EventDate "2006.07.??"]
[Source "Ganslmayer"]
[SourceDate "2012.12.20"]

1. e4 d5 2. exd5 Nf6 3. d4 Nxd5 4. Nf3 Bg4 5. h3 Bh5 6. c4 Nb6 7. Nc3 e6 8. Be2
Be7 9. Be3 Nc6 10. d5 exd5 11. cxd5 Nb4 12. Bxb6 axb6 13. a3 Na6 14. Qa4+ Kf8
15. O-O Nc5 16. Qc4 Bd6 17. Rfe1 Bg6 18. Rad1 Bc2 19. Rc1 Bb3 20. Qd4 Ba4 21.
Bd1 Bxd1 22. Rcxd1 Nd7 23. Ne4 Nf6 24. Nxf6 Qxf6 25. Ne5 Bxe5 26. Rxe5 Kg8 27.
Qa4 g6 28. Qxa8+ Kg7 29. Re8 1-0

[Event "18sen.Bay.EM2006 Schney op"]
[Site "Schloss Schney (25.6.-3.7)"]
[Date "2006.06.25"]
[Round "1.2"]
[White "Baumann, Walter(27)"]
[Black "Scheipl, Ralf"]
[Result "0-1"]
[WhiteElo "1701"]
[BlackElo "2184"]
[PlyCount "52"]
[EventDate "2006.07.??"]
[Source "Ganslmayer"]
[SourceDate "2012.12.20"]

1. d4 Nf6 2. c4 e6 3. Nc3 Bb4 4. Bd2 d5 5. e3 O-O 6. Bd3 c5 7. Nf3 cxd4 8. exd4
dxc4 9. Bxc4 Nc6 10. a3 Be7 11. Be3 b6 12. d5 Na5 13. Ba2 exd5 14. Nxd5 Ba6 15.
Rc1 Nxd5 16. Bxd5 Rc8 17. Rxc8 Qxc8 18. Ne5 Bf6 19. f4 Bxe5 20. fxe5 Qf5 21.
Bd4 Rd8 22. Bc3 Rd7 23. g4 Qg5 24. Kf2 Qh4+ 25. Ke3 Bc4 26. Bxf7+ Rxf7 0-1

[Event "18sen.Bay.EM2006 Schney op"]
[Site "Schloss Schney (25.6.-3.7)"]
[Date "2006.06.25"]
[Round "1.3"]
[White "Walkewitz, Hubert"]
[Black "Muenzenberg, Dietrich"]
[Result "1-0"]
[WhiteElo "2182"]
[BlackElo "1697"]
[PlyCount "59"]
[EventDate "2006.07.??"]
[Source "Ganslmayer"]
[SourceDate "2012.12.20"]

1. d4 f5 2. Nf3 Nf6 3. Bf4 g6 4. e3 Bg7 5. Bc4 c6 6. Nbd2 d5 7. Bb3 e6 8. h3
Nbd7 9. c4 O-O 10. Bd6 Re8 11. O-O Ne4 12. Nxe4 fxe4 13. Nh2 Nf6 14. Be5 a5 15.
f3 Kh8 16. Bxf6 Bxf6 17. fxe4 Bg5 18. e5 Bxe3+ 19. Kh1 dxc4 20. Bxc4 b5 21. Ng4
Qxd4 22. Rf7 Qxd1+ 23. Rxd1 Bg5 24. Be2 h5 25. Nf6 Bxf6 26. exf6 e5 27. Re7 Be6
28. Rd6 Rxe7 29. fxe7 Bf7 30. Rd8+ 1-0

[Event "18sen.Bay.EM2006 Schney op"]
[Site "Schloss Schney (25.6.-3.7)"]
[Date "2006.06.25"]
[Round "1.4"]
[White "Paulsen, Eckart"]
[Black "Goy, Udo"]
[Result "0-1"]
[WhiteElo "1646"]
[BlackElo "2107"]
[PlyCount "78"]
[EventDate "2006.07.??"]
[Source "Ganslmayer"]
[SourceDate "2012.12.20"]

1. f4 Nf6 2. Nf3 g6 3. e3 Bg7 4. Be2 d6 5. O-O O-O 6. d3 Nc6 7. Qe1 e5 8. fxe5
dxe5 9. e4 Nd4 10. Bd1 Bg4 11. Nxd4 Qxd4+ 12. Qe3 Bxd1 13. Qxd4 exd4 14. Rxd1
Rac8 15. Nd2 c5 16. Nf3 Nd7 17. Bf4 Rfe8 18. Re1 c4 19. Rac1 b5 20. a3 Nc5 21.
Bd6 Ne6 22. Rf1 Rc6 23. Bg3 Rec8 24. Rcd1 cxd3 25. cxd3 Rc2 26. Rf2 Bh6 27.
Rxc2 Rxc2 28. Be5 Be3+ 29. Kh1 Rxb2 30. h4 Rb3 31. Bd6 f6 32. Kh2 a5 33. Ne1
Bf4+ 34. Bxf4 Nxf4 35. Kg3 Ne6 36. Nc2 Rc3 37. Rd2 Nc5 38. Kf4 Nxd3+ 39. Kg4
h5+ 0-1

[Event "18sen.Bay.EM2006 Schney op"]
[Site "Schloss Schney (25.6.-3.7)"]
[Date "2006.06.25"]
[Round "1.5"]
[White "Schmidt, Gerhard(40)"]
[Black "Weschke, Wolfgang++"]
[Result "1-0"]
[WhiteElo "2139"]
[BlackElo "2114"]
[PlyCount "51"]
[EventDate "2006.07.??"]
[Source "Ganslmayer"]
[SourceDate "2012.12.20"]

1. d4 Nf6 2. Nf3 e6 3. c4 Bb4+ 4. Nc3 c5 5. e3 O-O 6. Bd3 b6 7. O-O Bb7 8. Na4
cxd4 9. a3 Be7 10. exd4 d5 11. c5 bxc5 12. Nxc5 Qc7 13. Bg5 Nbd7 14. b4 Kh8 15.
Rc1 Nxc5 16. bxc5 Ng8 17. Bd2 h6 18. Re1 Nf6 19. Ne5 Ne4 20. Bf4 Qc8 21. c6 Ba6
22. Bxe4 dxe4 23. Qh5 Qe8 24. Bxh6 gxh6 25. Qxh6+ Kg8 26. Re3 1-0

[Event "18sen.Bay.EM2006 Schney op"]
[Site "Schloss Schney (25.6.-3.7)"]
[Date "2006.06.25"]
[Round "1.6"]
[White "Harke, Horst"]
[Black "Wimmer, Herbert"]
[Result "0-1"]
[WhiteElo "1666"]
[BlackElo "2114"]
[PlyCount "78"]
[EventDate "2006.07.??"]
[Source "Ganslmayer"]
[SourceDate "2012.12.20"]

1. d4 g6 2. c4 Bg7 3. Nc3 d6 4. e4 Nc6 5. Be3 e5 6. d5 Nce7 7. c5 f5 8. f3 Nf6
9. cxd6 cxd6 10. Bb5+ Bd7 11. Bxd7+ Qxd7 12. Nge2 fxe4 13. fxe4 Ng4 14. Qd2 O-O
15. h3 Nxe3 16. Qxe3 b5 17. b4 Rac8 18. Rf1 a6 19. Rxf8+ Rxf8 20. a4 bxa4 21.
Rxa4 Nc8 22. Rxa6 Qb7 23. b5 Bf6 24. Ng1 Bh4+ 25. g3 Bd8 26. Nf3 Bb6 27. Qd3
Qc7 28. Ra8 Qc5 29. Ra2 Rf7 30. Na4 Qc1+ 31. Ke2 Qh1 32. Rc2 Qxh3 33. Nxb6 Nxb6
34. Qe3 Qg4 35. Rc6 Nxd5 36. exd5 e4 37. Qc3 Rxf3 38. Qe1 Rd3+ 39. Kf2 Qxg3+
0-1

[Event "18sen.Bay.EM2006 Schney op"]
[Site "Schloss Schney (25.6.-3.7)"]
[Date "2006.06.25"]
[Round "1.7"]
[White "Fischer, Gerd(41)"]
[Black "Baessler, Arwed"]
[Result "1-0"]
[WhiteElo "2092"]
[BlackElo "1751"]
[PlyCount "71"]
[EventDate "2006.07.??"]
[Source "Ganslmayer"]
[SourceDate "2012.12.20"]

1. e4 g6 2. d4 Bg7 3. Nf3 d6 4. Bc4 e6 5. O-O Nf6 6. Nc3 Nbd7 7. Bf4 Nb6 8. Bb3
O-O 9. Qd2 Ne8 10. Rfe1 Bd7 11. Bh6 Rc8 12. Bxg7 Kxg7 13. a4 a6 14. a5 Na8 15.
Na4 b5 16. axb6 cxb6 17. e5 d5 18. h4 a5 19. c3 Qe7 20. Re3 Nec7 21. Bc2 Nb5
22. h5 Na7 23. Nh2 Nc6 24. Rh3 Rh8 25. Ng4 h6 26. Nf6 Nxe5 27. dxe5 b5 28. Rg3
Be8 29. hxg6 fxg6 30. Nxe8+ Qxe8 31. Bxg6 Qxg6 32. Rxg6+ Kxg6 33. Qd3+ Kg5 34.
Nc5 Rxc5 35. Qe3+ Kf5 36. Qxc5 1-0

[Event "18sen.Bay.EM2006 Schney op"]
[Site "Schloss Schney (25.6.-3.7)"]
[Date "2006.06.25"]
[Round "1.8"]
[White "Winkler, Karl-Heinz(32)"]
[Black "Schulz, Wolfgang(32)"]
[Result "0-1"]
[WhiteElo "1702"]
[BlackElo "2035"]
[PlyCount "132"]
[EventDate "2006.07.??"]
[Source "Ganslmayer"]
[SourceDate "2012.12.20"]

1. Nc3 Nf6 2. e4 e5 3. Nf3 Nc6 4. d4 exd4 5. Nxd4 Bb4 6. Nxc6 bxc6 7. Bg5 h6 8.
Bxf6 Qxf6 9. Qd3 O-O 10. Be2 d5 11. O-O Re8 12. f3 Bc5+ 13. Kh1 d4 14. Na4 Bd6
15. f4 Qg6 16. Qc4 Qxe4 17. Bd3 Qd5 18. c3 Qxc4 19. Bxc4 Re4 20. Rae1 Rxe1 21.
Rxe1 dxc3 22. Re8+ Bf8 23. Nxc3 Bb7 24. Rxa8 Bxa8 25. a3 Bd6 26. Ne2 c5 27. Kg1
Kf8 28. Kf2 Ke7 29. g3 Bc6 30. Nc3 Bb7 31. Ke3 f5 32. Bd3 Kf6 33. Bc4 Ke7 34.
Bf1 g5 35. Bd3 Kf6 36. Bc4 Bc8 37. Nd5+ Kg6 38. Nc3 gxf4+ 39. gxf4 Kh5 40. Bf1
Kg4 41. h3+ Kg3 42. Ne2+ Kh4 43. Nc3 Bb7 44. Bd3 Bc8 45. Bf1 Be6 46. Kf3 Bd7
47. Ke3 a5 48. Kf3 Bc6+ 49. Ke3 c4 50. Bxc4 Bc5+ 51. Kd3 Kxh3 52. Be6 Kg4 53.
Kc4 Bb6 54. Ne2 h5 55. b4 axb4 56. axb4 h4 57. Bd5 Bxd5+ 58. Kxd5 h3 59. Kc6 h2
60. Kb7 h1=Q+ 61. Kb8 Qh7 62. Kb7 Qd7 63. Nc3 Bd4 64. Ne2 c5+ 65. Ka6 Qc6+ 66.
Ka5 Qb7 0-1

[Event "18sen.Bay.EM2006 Schney op"]
[Site "Schloss Schney (25.6.-3.7)"]
[Date "2006.06.25"]
[Round "1.9"]
[White "Walther, Diethelm"]
[Black "Scheuerlein, Gerhard"]
[Result "1-0"]
[WhiteElo "2036"]
[BlackElo "1684"]
[PlyCount "79"]
[EventDate "2006.07.??"]
[Source "Ganslmayer"]
[SourceDate "2012.12.20"]

1. d4 f5 2. Bg5 Nf6 3. e3 e6 4. c4 Be7 5. Nc3 c6 6. h4 Qa5 7. Bd3 d5 8. a3 Ne4
9. Bxe4 fxe4 10. Bxe7 Kxe7 11. Qg4 Rg8 12. Qg5+ Kf8 13. f3 exf3 14. Rh3 f2+ 15.
Kxf2 Nd7 16. Nge2 Nf6 17. Rf3 Bd7 18. Rf1 Qd8 19. e4 Ke8 20. e5 Ne4+ 21. Nxe4
dxe4 22. Qh5+ g6 23. Qxh7 exf3 24. Qxg8+ Ke7 25. Qg7+ Ke8 26. Qxg6+ Ke7 27.
Qg7+ Ke8 28. Qh8+ Ke7 29. Qxd8+ Rxd8 30. Kxf3 c5 31. d5 exd5 32. cxd5 Bb5 33.
Rd1 Bc4 34. Nf4 b5 35. g4 a5 36. Ke4 Bb3 37. Rd2 b4 38. axb4 cxb4 39. d6+ Kd7
40. Nd5 1-0

[Event "18sen.Bay.EM2006 Schney op"]
[Site "Schloss Schney (25.6.-3.7)"]
[Date "2006.06.25"]
[Round "1.10"]
[White "Klinger, Rudolf++"]
[Black "Petzold, Hans ProfDr(36)"]
[Result "1-0"]
[WhiteElo "2114"]
[BlackElo "2023"]
[PlyCount "79"]
[EventDate "2006.07.??"]
[Source "Ganslmayer"]
[SourceDate "2012.12.20"]

1. e4 e5 2. Bc4 Nc6 3. Nc3 Nf6 4. d3 d6 5. Nf3 Be7 6. a3 Bg4 7. h3 Bh5 8. Be3
h6 9. g4 Bg6 10. Nh4 Nxe4 11. Nxg6 Nxc3 12. Qf3 Bf6 13. Nxh8 d5 14. Bb3 e4 15.
dxe4 Ne5 16. Qg2 Nxe4 17. O-O-O c6 18. f4 Nd7 19. Nxf7 Qe7 20. g5 hxg5 21. fxg5
Bxb2+ 22. Kxb2 Kxf7 23. Rd4 Ndc5 24. Ba2 b5 25. g6+ Ke8 26. Rf1 Na4+ 27. Ka1
Rd8 28. Qf3 Nf6 29. Bd2 Qc5 30. Qe2+ Kd7 31. Qd3 Rh8 32. Bb4 Qb6 33. Qf5+ Kc7
34. Rd3 a5 35. Bc3 Nxc3 36. Rxc3 Qd4 37. Qf4+ Qxf4 38. Rxf4 Rh6 39. Rxf6 gxf6
40. g7 1-0

[Event "18sen.Bay.EM2006 Schney op"]
[Site "Schloss Schney (25.6.-3.7)"]
[Date "2006.06.25"]
[Round "1.11"]
[White "Kahn, Peter"]
[Black "Kurz, Leonhard"]
[Result "1-0"]
[WhiteElo "2023"]
[BlackElo "1634"]
[PlyCount "73"]
[EventDate "2006.07.??"]
[Source "Ganslmayer"]
[SourceDate "2012.12.20"]

1. d4 d5 2. Nf3 Nf6 3. e3 e6 4. Bd3 b6 5. c3 c5 6. Nbd2 Ba6 7. Bxa6 Nxa6 8.
Qa4+ Qd7 9. Qxa6 Bd6 10. Qe2 O-O 11. O-O Rfe8 12. Ne5 Qc7 13. f4 cxd4 14. exd4
Nd7 15. Ndf3 f6 16. Nxd7 Qxd7 17. Qd3 e5 18. fxe5 fxe5 19. Ng5 e4 20. Qh3 Qxh3
21. Nxh3 Rf8 22. Bf4 Bxf4 23. Rxf4 Rxf4 24. Nxf4 Rd8 25. Rf1 Rd6 26. Ne2 g6 27.
Kf2 Kf7 28. Ke3+ Ke7 29. g4 b5 30. g5 a5 31. Rf6 Rxf6 32. gxf6+ Kxf6 33. Nf4
Kg5 34. Nxd5 Kg4 35. Nf6+ Kh3 36. Nxh7 Kxh2 37. d5 1-0

[Event "18sen.Bay.EM2006 Schney op"]
[Site "Schloss Schney (25.6.-3.7)"]
[Date "2006.06.25"]
[Round "1.14"]
[White "Erler, Klaus-Juergen"]
[Black "Schurig, Wilhelm"]
[Result "0-1"]
[WhiteElo "1627"]
[BlackElo "2023"]
[PlyCount "82"]
[EventDate "2006.07.??"]
[Source "Ganslmayer"]
[SourceDate "2012.12.20"]

1. c4 g6 2. d4 Bg7 3. e4 d6 4. Be3 c5 5. Nc3 cxd4 6. Bxd4 Nf6 7. Qd2 O-O 8.
O-O-O Qa5 9. f3 Be6 10. Nd5 Qxd2+ 11. Rxd2 Bxd5 12. Bxf6 Bxf6 13. Rxd5 Nc6 14.
a3 Rac8 15. f4 Rfd8 16. Nf3 e6 17. Rd2 Na5 18. Rc2 Nb3+ 19. Kb1 Nc5 20. Nd2 a6
21. Be2 Bd4 22. Bf3 Rb8 23. Rd1 e5 24. f5 b5 25. Ka2 b4 26. Nb3 Nxb3 27. Kxb3
bxa3+ 28. Kxa3 Bc5+ 29. Ka2 Rb4 30. b3 a5 31. Rd3 Rdb8 32. g4 a4 33. Rb2 Bd4
34. Rb1 axb3+ 35. Rbxb3 Ra8+ 36. Kb1 Ra1+ 37. Kc2 Rba4 38. Rd1 R4a2+ 39. Kd3
Ra3 40. Rxa1 Rxb3+ 41. Ke2 Bxa1 0-1

[Event "18sen.Bay.EM2006 Schney op"]
[Site "Schloss Schney (25.6.-3.7)"]
[Date "2006.06.25"]
[Round "1.15"]
[White "Jaenig, Reinhard"]
[Black "Zellner, Erwin"]
[Result "1-0"]
[WhiteElo "2021"]
[BlackElo "1613"]
[PlyCount "75"]
[EventDate "2006.07.??"]
[Source "Ganslmayer"]
[SourceDate "2012.12.20"]

1. e4 c6 2. d4 d5 3. exd5 cxd5 4. Bd3 Nf6 5. Nf3 Nc6 6. c3 g6 7. h3 Bg7 8. O-O
O-O 9. Bf4 Nh5 10. Bh2 f5 11. Re1 e6 12. Nbd2 a6 13. b4 Nf6 14. a4 Ne4 15. Qc2
Bd7 16. b5 axb5 17. axb5 Na5 18. Ne5 b6 19. Nb3 Bxe5 20. Bxe5 Nc4 21. Rxa8 Qxa8
22. Bf4 Qe8 23. f3 Ned6 24. Nd2 Bxb5 25. Nxc4 Nxc4 26. Qb3 Ba4 27. Qb4 b5 28.
Ra1 Qd7 29. Bxc4 dxc4 30. Re1 Rc8 31. Re5 Kg7 32. Rc5 Kf7 33. Rxc8 Qxc8 34. Qd6
Qf8 35. Qc6 Qe8 36. Qc5 Qd7 37. Bd6 Kg8 38. Qe5 1-0

[Event "18sen.Bay.EM2006 Schney op"]
[Site "Schloss Schney (25.6.-3.7)"]
[Date "2006.06.25"]
[Round "1.16"]
[White "Schuster, Herbert"]
[Black "Hamm, Georg Dr"]
[Result "0-1"]
[WhiteElo "1608"]
[BlackElo "1950"]
[PlyCount "86"]
[EventDate "2006.07.??"]
[Source "Ganslmayer"]
[SourceDate "2012.12.20"]

1. e4 g6 2. Nf3 Bg7 3. d4 d6 4. c3 Nf6 5. Nbd2 Nbd7 6. h3 O-O 7. Bd3 e5 8. dxe5
dxe5 9. Nc4 Nh5 10. Bg5 f6 11. Bd2 Nc5 12. Bc2 Be6 13. Qe2 Qe7 14. b4 Nd7 15.
Bb3 Kh8 16. Be3 Nf4 17. Bxf4 exf4 18. Nd4 Bg8 19. Na5 c5 20. Bxg8 cxd4 21. Bd5
dxc3 22. O-O Qxb4 23. Nxb7 Nb6 24. Rab1 Qe7 25. Qc2 Rac8 26. Rfd1 f5 27. Na5 f3
28. Nc6 Qg5 29. g3 f4 30. Rxb6 axb6 31. h4 Qg4 32. Kh2 fxg3+ 33. fxg3 Rxc6 34.
Bxc6 Be5 35. Qf2 Qxh4+ 36. Kg1 Qxg3+ 37. Qxg3 Bxg3 38. Ba4 h5 39. Rd3 h4 40.
Bd1 c2 41. Bxc2 h3 42. Rd1 f2+ 43. Kf1 h2 0-1

[Event "18sen.Bay.EM2006 Schney op"]
[Site "Schloss Schney (25.6.-3.7)"]
[Date "2006.06.25"]
[Round "1.17"]
[White "Geisensetter, Franz"]
[Black "Banfelder, Herbert"]
[Result "1-0"]
[WhiteElo "1992"]
[BlackElo "1607"]
[PlyCount "99"]
[EventDate "2006.07.??"]
[Source "Ganslmayer"]
[SourceDate "2012.12.20"]

1. e4 c6 2. d4 d5 3. e5 Bf5 4. Bd3 Bxd3 5. Qxd3 e6 6. Ne2 Ne7 7. O-O Nd7 8. c4
dxc4 9. Qxc4 Nd5 10. Bd2 N7b6 11. Qd3 Be7 12. Nbc3 O-O 13. f4 c5 14. f5 cxd4
15. Nxd5 Qxd5 16. f6 Bc5 17. Qg3 g6 18. Qg5 d3+ 19. Kh1 Rfd8 20. Nf4 Qe4 21.
Nxe6 fxe6 22. f7+ Kf8 23. Qf6 Be3 24. Rae1 Nd5 25. Qh8+ Ke7 26. f8=Q+ Rxf8 27.
Qxh7+ Ke8 28. Rxf8+ Kxf8 29. Qh8+ Ke7 30. Qg7+ Kd8 31. Qxb7 Rc8 32. Ba5+ Bb6
33. Rxe4 Bxa5 34. h4 d2 35. Rd4 Rc1+ 36. Kh2 d1=Q 37. Qb8+ Kd7 38. Qd6+ Kc8 39.
Qxe6+ Kb8 40. Qg8+ Kc7 41. Rxd1 Rxd1 42. Qxg6 Rd4 43. h5 Rh4+ 44. Kg3 Be1+ 45.
Kf3 Rf4+ 46. Ke2 Bb4 47. g3 Rd4 48. a3 Be7 49. h6 Rh4 50. Qc2+ 1-0

[Event "18sen.Bay.EM2006 Schney op"]
[Site "Schloss Schney (25.6.-3.7)"]
[Date "2006.06.25"]
[Round "1.18"]
[White "Philipp, Gerhard"]
[Black "Kraft, Hans(32)"]
[Result "0-1"]
[WhiteElo "1593"]
[BlackElo "1981"]
[PlyCount "78"]
[EventDate "2006.07.??"]
[Source "Ganslmayer"]
[SourceDate "2012.12.20"]

1. e4 c5 2. c3 d5 3. exd5 Qxd5 4. d4 Nc6 5. Nf3 Bg4 6. Be2 cxd4 7. cxd4 e6 8.
Nc3 Qd8 9. O-O Nf6 10. Ne5 Bxe2 11. Nxe2 Qb6 12. Qa4 Be7 13. Nxc6 Qxc6 14.
Qxc6+ bxc6 15. Be3 Rb8 16. b3 Ba3 17. Bc1 Bd6 18. Bb2 Nd5 19. Rfd1 Kd7 20. Nc1
a5 21. Nd3 Rb5 22. Rac1 f6 23. Rc4 Ra8 24. Nc5+ Bxc5 25. dxc5 a4 26. b4 a3 27.
Bc1 Ra4 28. Rdd4 e5 29. Rg4 Rbxb4 30. Rxb4 Rxb4 31. Rxb4 Nxb4 32. Bxa3 Nxa2 33.
f3 Ke6 34. Kf2 Kd5 35. Ke3 Nc3 36. Kd2 Na4 37. Bb4 Nxc5 38. Ba3 Ne6 39. g3 Nd4
0-1

[Event "18sen.Bay.EM2006 Schney op"]
[Site "Schloss Schney (25.6.-3.7)"]
[Date "2006.06.25"]
[Round "1.19"]
[White "Hein, Manfred(36)"]
[Black "Schmidt, Wolfgang(38)"]
[Result "1-0"]
[WhiteElo "2021"]
[BlackElo "1627"]
[PlyCount "111"]
[EventDate "2006.07.??"]
[Source "Ganslmayer"]
[SourceDate "2012.12.20"]

1. e4 c6 2. d4 d5 3. exd5 cxd5 4. Bd3 Nc6 5. c3 Nf6 6. h3 h6 7. Bf4 e6 8. Nf3
Bd6 9. Bxd6 Qxd6 10. Nbd2 a6 11. Qe2 Qc7 12. O-O O-O 13. Rfe1 Bd7 14. Ne5 Nxe5
15. Qxe5 Qb6 16. Rab1 Rac8 17. g4 Bb5 18. Bxb5 Qxb5 19. f4 Qd3 20. Qe3 Qg6 21.
Nf3 Qe4 22. Rbd1 Qxe3+ 23. Rxe3 Ne4 24. Kg2 Kh7 25. Nd2 f5 26. Nxe4 fxe4 27.
Rf1 Rf7 28. h4 Rcf8 29. Kg3 g5 30. hxg5 hxg5 31. Rh1+ Kg6 32. fxg5 Rf3+ 33.
Rxf3 Rxf3+ 34. Kg2 Kxg5 35. Rh7 Kxg4 36. Rxb7 Rd3 37. Kf2 Rf3+ 38. Ke2 Rh3 39.
Rg7+ Kf5 40. Rf7+ Kg6 41. Rf2 Rh8 42. Kd2 Rh3 43. Kc2 Kg5 44. b4 Rf3 45. Rxf3
exf3 46. Kd2 Kg4 47. Ke1 Kg3 48. Kf1 Kf4 49. Kf2 Ke4 50. a4 e5 51. b5 exd4 52.
cxd4 axb5 53. axb5 Kxd4 54. b6 Kc3 55. b7 d4 56. b8=Q 1-0

[Event "18sen.Bay.EM2006 Schney op"]
[Site "Schloss Schney (25.6.-3.7)"]
[Date "2006.06.25"]
[Round "1.20"]
[White "Porkristl, Werner"]
[Black "Anliker, Peter"]
[Result "1/2-1/2"]
[WhiteElo "1635"]
[BlackElo "1947"]
[PlyCount "39"]
[EventDate "2006.07.??"]
[Source "Ganslmayer"]
[SourceDate "2012.12.20"]

1. e4 c5 2. Nc3 Nc6 3. Nge2 g6 4. Ng3 Bg7 5. Be2 Nf6 6. O-O O-O 7. d3 d6 8. Bd2
Rb8 9. Qc1 Nd4 10. Bd1 Re8 11. f4 e6 12. Be3 Nd7 13. Nce2 b5 14. c3 Nxe2+ 15.
Bxe2 f5 16. a3 Bb7 17. Bf3 Nf6 18. Qc2 Qc7 19. Rac1 Rbc8 20. Rcd1 1/2-1/2

[Event "18sen.Bay.EM2006 Schney op"]
[Site "Schloss Schney (25.6.-3.7)"]
[Date "2006.06.25"]
[Round "1.21"]
[White "Romanow, Werner"]
[Black "Van Houten, Henk"]
[Result "1-0"]
[WhiteElo "1966"]
[BlackElo "1597"]
[PlyCount "47"]
[EventDate "2006.07.??"]
[Source "Ganslmayer"]
[SourceDate "2012.12.20"]

1. c4 c5 2. Nc3 e5 3. g3 g6 4. Bg2 Nc6 5. Nf3 Bg7 6. O-O Nge7 7. d3 O-O 8. Bg5
h6 9. Bd2 d5 10. cxd5 Nxd5 11. Ne4 Qe7 12. Qc1 Nd4 13. Nxd4 cxd4 14. Bxh6 Bf5
15. Qd2 Rfc8 16. Rac1 Bh8 17. Qa5 Bxe4 18. Bxe4 Nb6 19. Rxc8+ Nxc8 20. Rc1 b6
21. Qd5 Rb8 22. Bxg6 Qf6 23. Rc6 Qe7 24. Bxf7+ 1-0

[Event "18sen.Bay.EM2006 Schney op"]
[Site "Schloss Schney (25.6.-3.7)"]
[Date "2006.06.25"]
[Round "1.22"]
[White "Wanner, Georges"]
[Black "Reer, Erdmann"]
[Result "0-1"]
[WhiteElo "1593"]
[BlackElo "1884"]
[PlyCount "102"]
[EventDate "2006.07.??"]
[Source "Ganslmayer"]
[SourceDate "2012.12.20"]

1. e4 c6 2. d4 d5 3. Nc3 dxe4 4. Nxe4 Bf5 5. Ng3 Bg6 6. h4 h6 7. Nf3 Nd7 8. h5
Bh7 9. Bd3 Bxd3 10. Qxd3 Ngf6 11. Bd2 e6 12. O-O-O Qc7 13. Qe2 O-O-O 14. Ne4
Nxe4 15. Qxe4 Nf6 16. Qe2 Bd6 17. g3 Rhe8 18. Ne5 c5 19. Nc4 cxd4 20. Nxd6+
Qxd6 21. Qc4+ Qc6 22. Qxc6+ bxc6 23. Ba5 Rd5 24. Be1 Red8 25. f3 Rxh5 26. Rxh5
Nxh5 27. Bf2 e5 28. Rd3 Rd5 29. c3 c5 30. cxd4 cxd4 31. b4 Nf6 32. a4 Nd7 33.
Kc2 Kb7 34. Ra3 a6 35. Kd3 f5 36. Ra1 e4+ 37. fxe4 Ne5+ 38. Ke2 fxe4 39. Be1
Nc4 40. Ra2 d3+ 41. Kd1 e3 42. Bc3 e2+ 43. Ke1 Rf5 44. Rxe2 dxe2 45. Kxe2 g5
46. Bg7 h5 47. Bc3 h4 48. gxh4 gxh4 49. Be1 h3 50. Bg3 Ne5 51. Ke3 Rf3+ 0-1